Nirvana (Record n. 101894)

Dettagli MARC
000 -LEADER
fixed length control field 01230njm a2200301Ia 4500
001 - CONTROL NUMBER
control field E7063
003 - CONTROL NUMBER IDENTIFIER
control field IT-RoPAU
005 - DATE AND TIME OF LATEST TRANSACTION
control field 20220918181148.0
008 - FIXED-LENGTH DATA ELEMENTS--GENERAL INFORMATION
fixed length control field 131025s9999 xx 000 0 und d
040 ## - CATALOGING SOURCE
Original cataloging agency IT-RoPAU
040 ## - CATALOGING SOURCE
Transcribing agency IT-RoPAU
999 ## - SYSTEM CONTROL NUMBERS (KOHA)
Koha Dewey Subclass [OBSOLETE] n.d.
100 ## - MAIN ENTRY--PERSONAL NAME
Personal name Pagani Mauro
9 (RLIN) 4637
100 ## - MAIN ENTRY--PERSONAL NAME
Relator term Autore musica
9 (RLIN) 31751
100 ## - MAIN ENTRY--PERSONAL NAME
Miscellaneous information Codice autore musica SPICS: 23681
9 (RLIN) 4639
245 ## - TITLE STATEMENT
Title Nirvana
250 ## - EDITION STATEMENT
Edition statement 1a ed.
260 ## - PUBLICATION, DISTRIBUTION, ETC. (IMPRINT)
Place of publication, distribution, etc. ITALIA
260 ## - PUBLICATION, DISTRIBUTION, ETC. (IMPRINT)
Name of publisher, distributor, etc. SAN ISIDRO
Date of publication, distribution, etc. 1997 [1a Ed.:1996 - Ed. Lingua Orig.: 1996]
300 ## - PHYSICAL DESCRIPTION
Extent COMPACT DISC
300 ## - PHYSICAL DESCRIPTION
Dimensions 65 minuti (Testo: pag.)
500 ## - GENERAL NOTE
General note Colonna sonora del film "Nirvana" diretto da Gabriele Salvatores
505 ## - FORMATTED CONTENTS NOTE
Formatted contents note Whatever It Is: Now - John Barleycorn (Must Die): Traffic - Eqbirotz - Sodade: Cesaria Evora - Hotels - Chelsea Hotel - Nirvana - Last Dance - Town House - Tema di Lisa - Jimi e Solo - Lisa Mobile - Town House - Windy City - Chronotape - Tow Fu - J. Milonga.
650 ## - SUBJECT ADDED ENTRY--TOPICAL TERM
Topical term or geographic name as entry element COLONNA SONORA [COMPACT DISC]
Relator term Codice MATERIA SPICS: 9949
9 (RLIN) 31752
700 ## - ADDED ENTRY--PERSONAL NAME
Personal name De Robertis Federico
Relator term Autore
Miscellaneous information Codice autore SPICS: 49144
9 (RLIN) 31753
700 ## - ADDED ENTRY--PERSONAL NAME
Personal name Pagani Mauro
Relator term Autore testo e musica
Miscellaneous information Codice autore testo/musica SPICS: 23681
9 (RLIN) 31754
942 ## - ADDED ENTRY ELEMENTS (KOHA)
Koha item type CD AUDIO
Source of classification or shelving scheme Dewey Decimal Classification
Dati di copia
Withdrawn status Lost status Damaged status Not for loan Home library Current library Date acquired Total Checkouts Full call number Date last seen Price effective from Koha item type Public note
    Buone Condizioni Not For Loan SPICS-MEDIATECA SPICS-MEDIATECA 25/10/2013   E7063 25/10/2013 25/10/2013 CD AUDIO Progr. Ins.: 2576 / N.Vol.: 1 / Copie: 1 - Copia rara: n.d. / date import: 01.01.2014 - By Epidotti, Trombetti, Vaglietti
CREDITS: SOCIETA' SAN PAOLO Via A.Severo, 58 - ROMA (RM) & PERIODICI SAN PAOLO SRL Via Giotto, 36 MILANO & CISF Via Giotto, 36 MILANO & EDIZIONI SAN PAOLO SRL,  Piazza Soncino, 5 CINISELLO BALSAMO (MI) -- ITALY